000
00289 a2200145 4500
001
169024
020
_a
040
_c
Magnum
100
_a
Barral I Altet, Xavier
240
1
0
_a
Historia da arte
_l
por
245
1
0
_a
Historia da arte
362
0
_a
1899
697
_a
ARTES
942
_c
BK
999
_c
169024
_d
169024